000 00602nam a22001817a 4500
003 OSt
005 20260130052740.0
008 260130b |||||||| |||| 00| 0 eng d
020 _a978-971-92417-8-2.
040 _aDWCL-Main lib
_cOC
082 _aFil. 920 J63a 2006
100 _aJoaquin, Nick
245 _aAbe :
_ba frank sketch of E. Aguilar Cruz/
_cNick Joaquin
260 _aAngeles City :
_bThe Juan Nepomuceno Center for Kapampangan Studies, c
_cc2006.
300 _aXVIII, 200 pages :
_bcolored illustration ;
_c26 ccm.
650 _a1. Joaquin, Nick-Biography.
942 _2ddc
_cBK-FIL
_kFil.
_n0
999 _c8016
_d8016